| 000 | 00000nam##2200000za#4500 |
| 001 | 9.615392 |
| 003 | CaOODSP |
| 005 | 20200706133949 |
| 007 | ta |
| 008 | 150406|2000||||xxc||||| f|0| 0 eng|d |
| 020 | |a0-660-18345-5 |
| 022 | |a1200-5223 |
| 040 | |aCaOODSP|beng |
| 043 | |an-cn--- |
| 086 | 1 |aCS11-0019/159E |
| 245 | 00|aIntergenerational influences on the receipt of unemployment insurance in Canada and Sweden / |cby Miles Corak, Bjorn Gustafsson and Torun Österberg. |
| 260 | |aOttawa - Ontario : |bStatistics Canada. |c2000. |
| 300 | |a37p. : |breferences, tables ; |c28 cm. |
| 490 | 1 |aResearch paper series|x1200-5223|v159 |
| 500 | |a"The objective of this paper is to examine the extent to which an individual's use of unemployment insurance (UI) as a young adult is influenced by past experience with the program, and by having had a parent who also collected UI. A major methodological challenge is to determine the extent to which the intergenerational correlation of UI status is spurious or causal."--Abstract. |
| 520 | 3 |aThe objective of this paper is to examine the extent to which an individual's use of unemployment insurance (UI) as a young adult is influenced by past experience with the program, and by having had a parent who also collected UI. A major methodological challenge is to determine the extent to which the intergenerational correlation of UI status is spurious or causal.--Abstract |
| 563 | |aSoftcover |
| 590 | |a01-03|b2001-01-19 |
| 710 | 2 |aStatistics Canada. |bAnalytical Studies Branch. |
| 720 | 1 |aCorak, Miles |
| 720 | 1 |aGustafsson, Bjorn |
| 720 | 1 |aÖsterberg, Torun |
| 776 | 0#|tIntergenerational influences on the receipt of unemployment insurance in Canada and Sweden / |w(CaOODSP)9.557513 |
| 830 | #0|aResearch paper series,|x1200-5223|v159|w(CaOODSP)9.514463 |